Najważniejsi polacy w historii sportu - Statystyki

Ogólne statystyki
  • Ten quiz został rozwiązany 44 razy
  • Średni wynik to 17 z 20
Statystyki odpowiedzi
Podpowiedz Zawodnik % Poprawnych
symbol „małyszomanii”, wielokrotny medalista olimpijski i MŚ Adam Małysz
100%
wielokrotna mistrzyni Wielkiego Szlema, liderka rankingu WTA Iga Świątek
100%
trzykrotny mistrz olimpijski, jeden z najlepszych skoczków w historii Kamil Stoch
100%
jeden z najlepszych napastników XXI wieku,rekordzista reprezentacji Polski i legenda światowego futbolu Robert Lewandowski
98%
mistrz świata 2018, MVP MŚ w siatkówce Bartosz kurek
95%
ikona lat 80., medalista MŚ 1982, później ważna postać UEFA Zbigniew Boniek
95%
była nr 2 świata, finalistka Wimbledonu 2012 Agnieszka Radwańska
93%
wielokrotny mistrz świata, dominator współczesnego żużla Bartosz Zmarzlik
91%
wieloletni zawodnik NBA, „Polish Hammer” Marcin Gortat
89%
jedna z najwybitniejszych lekkoatletek w historii, wielokrotna mistrzyni olimpijska w biegach Irena Szewińska
84%
czterokrotny mistrz olimpijski w chodzie sportowym Robert Korzeniowski
84%
jeden z najlepszych bramkarzy w historii piłki ręcznej Sławomir Szmal
82%
mistrz świata 2010, legenda polskiego żużla Tomasz Gollob
82%
„kobieta-pająk”, rekordzistka świata w sprincie na ściance Aleksandra Mirosław
80%
mistrzyni olimpijska, jedna z najwybitniejszych pływaczek w historii Polski Otylia Jędrzejczak
80%
lider reprezentacji, znany z powrotu do gry po utracie oka Karol Bielecki
77%
mistrz świata w dwóch kategoriach wagowych (profesjonalny boks) Tomasz Adamek
73%
mistrz świata 2014, wieloletnia gwiazda PlusLigi Mariusz wlazły
70%
dwukrotny mistrz olimpijski w Boksie Jerzy kulej
50%
mistrz olimpijski z Sydney 2000 w podnoszeniu ciężarów Szymon Kołecki
50%
Nie znaleziono quizów pasujących do podanych kryteriów
Rozkład punktacji
Procent ludzi z każdym wynikiem
Percentyl według liczby udzielonych odpowiedzi
Twoja historia wyników
Nie rozwiązałeś tego quizu